000 00197 a2200097 4500
001 12191
100 _aMir,Taqi Mir
245 _aKulliat e mir
260 _a
_bSang-e-Meel
_c
090 _c9406
_d9406
942 _aNUST-CAE
_cM
_c36274
999 _c247264
_d247264